Využitie videokonferencií vo vzdelávaní budúcnosti

Bibliographic Details
Main Author: Karolčík, Štefan, 1970- (Author)
Format: Article
Language:Slovak
PhysicalDescription:Obr.
ISSN:1335-003X
Subjects:

MARC

LEADER 00000nab a2200000 a 4500
001 vtls008155419
003 SK-MaSNL
005 20260426083658.0
008 250505c2004 xo |r|p||| |000 b|slo
015 |a SNBRB2005/05 
035 |a (uuid)d51949bc-4b06-40c9-ba06-5f158a0874f2 
035 |a urn:nbn:sk:snk-ab9t0f 
035 |a (urnnbn)urn:nbn:sk:snk:ar-a08rs2 
038 |a SPK 
040 |a SNKBUCL  |b slo  |c SNKBUCL  |e AACR2 
041 0 |a slo  |b eng 
044 |a xo  |c SK 
080 |a 37  |x (086.8)  |2 1997 
080 |a 061.3  |2 1997 
100 1 |a Karolčík, Štefan,  |d 1970-  |4 aut  |9 248751 
245 1 0 |a Využitie videokonferencií vo vzdelávaní budúcnosti  |c Štefan Karolčík 
300 |b Obr. 
546 |a Res. angl. 
650 0 7 |a videozáznam  |2 spk  |9 22981 
650 0 7 |a výchovno-vzdelávací proces  |2 spk  |9 68329 
650 0 7 |a vzdelávanie  |2 spk  |9 4033 
773 0 |t Technológia vzdelávania  |g Roč. XII., č. 2 (2004), s. 12-15  |x 1335-003X 
850 |a Slovenská národná knižnica 
852 |a Slovenská národná knižnica 
954 |a odborná, vedecká literatúra pôvodná (slovenská)  |2 lita 
958 |a article13 
958 |a OND 
958 |a EUIPO 
999 |c 2911039  |d 2912969